Responsabilidad por daños en el tercer milenio

Guardat en:
Dades bibliogràfiques
Autor principal: Bueres, Alberto Jesús
Altres autors: Kemelmajer de Carlucci, Aída
Format: Llibre
Idioma:espanyol
Publicat: Buenos Aires, Argentina Abeledo-Perrot 1997
Matèries:
Etiquetes: Afegir etiqueta
Sense etiquetes, Sigues el primer a etiquetar aquest registre!

MARC

LEADER 00000nam a2200000 a 4500
001 UCQ3357
003 CL-VaPUC
005 20241129120542.0
008 980821e19970000AG |||||||||||||||||spa|d
999 |c 273945  |d 273943 
040 |c Pontificia Universidad Católica de Valparaíso 
082 0 4 |a 346.032 BUE 1997  |2 21 
100 0 |a Bueres, Alberto Jesús  |9 417415 
245 1 0 |a Responsabilidad por daños en el tercer milenio 
260 0 3 |a Buenos Aires, Argentina  |b Abeledo-Perrot  |c 1997 
300 |a 1110 páginas 
583 |a last modification  |c 19980821 00:00:00  |k Rodrigo Vera 
650 0 |a Derecho privado  |9 258243 
650 0 |a Derecho procesal penal  |9 255496 
650 0 |a Daño  |9 383182 
650 7 |a RESPONSABILIDAD CIVIL  |2 CL-VaPUC  |9 417417 
650 7 |a DAÑOS Y PERJUICIOS  |2 CL-VaPUC  |9 417418 
700 0 |a Kemelmajer de Carlucci, Aída  |9 417416 
942 |c BK  |2 ddc 
945 |d 19980821 00:00:00  |a aarredon 
952 |0 0  |1 0  |2 ddc  |4 0  |6 346_032000000000000_BUE_1997  |7 0  |8 A  |9 309935  |a BIBDER  |b BIBDER  |d 2019-11-20  |i 345309K  |l 1  |o 346.032 BUE 1997  |p 345309K  |r 2023-06-20  |s 2023-06-20  |t 1  |w 2019-11-20  |y BK  |k DER